| 000 | 00444nam a2200157Ia 4500 | ||
|---|---|---|---|
| 008 | 240729s9999 xx 000 0 und d | ||
| 022 | _a2618-0367 | ||
| 245 | 4 | _aThe International Journal of Frontier Sciences | |
| 260 | _aPakistan | ||
| 260 | _bFrontier Science Associates | ||
| 650 | _a Microbiology | ||
| 650 | _aMedicine | Science | ||
| 856 | _uhttps://doaj.org/toc/f79a4f00a86b40749355bdf87f07e887 | ||
| 942 | _2ddc | ||
| 942 | _cDOAJEJ | ||
| 999 |
_c72196 _d72196 |
||
| 945 |
_a1 _bMadushi Gamage _c1 _dMadushi Gamage |
||